Quan hệ kinh tế quốc tế

Gardado en:
Detalles Bibliográficos
Autor Principal: Võ, Thanh Thu
Formato: Libro
Idioma:Undetermined
Publicado: Hà Nội Thống kê 2003
Những chủ đề:
Các nhãn: Engadir etiqueta
Sen Etiquetas, Sexa o primeiro en etiquetar este rexistro!
Thư viện lưu trữ: Trung tâm Học liệu Trường Đại học Cần Thơ
LEADER 00582nam a2200205Ia 4500
001 CTU_60768
008 210402s9999 xx 000 0 und d
020 |b 45000 
082 |a 337 
082 |b Th500 
100 |a Võ, Thanh Thu 
245 0 |a Quan hệ kinh tế quốc tế 
245 0 |c Võ Thanh Thu 
260 |a Hà Nội 
260 |b Thống kê 
260 |c 2003 
650 |a International economic relations,Developing countries 
650 |x Economic conditions 
904 |i Minh, Năm 
980 |a Trung tâm Học liệu Trường Đại học Cần Thơ